[Event "FIDE World Rapid-ch Open 2018"]
[White "Zubov, Alexander"]
[Black "Mamedov, Rauf"]
[Site "St. Petersburg"]
[Round "5.12"]
[Annotator "RC"]
[Result "1-0"]
[Date "2018.12.26"]
[WhiteElo "2597"]
[BlackElo "2703"]
[PlyCount "77"]
[TimeControl "900+10"]

1. d4 {[%emt 0:0:0]} Nf6 {[%emt 0:0:0]} 2. c4 {[%emt 0:0:0]} g6 {[%emt 0:0:0]} 3. Nc3 {[%emt 0:0:16]} Bg7 {[%emt 0:0:0]} 4. Bg5 {[%emt 0:0:24]} 0-0 {[%emt 0:0:12]} 5. e3 {[%emt 0:0:14]} c5 {[%emt 0:0:13]} 6. Bxf6 {[%emt 0:2:30]
} exf6 {[%emt 0:0:32]} 7. dxc5 {[%emt 0:0:28]} f5 {[%emt 0:0:0]} 8. Nge2 {[%emt 0:0:5]} Qa5 {[%emt 0:1:45]} 9. Qd2 {[%emt 0:0:23]} Qxc5 {[%emt 0:0:9]} 10. Nf4 {[%emt 0:0:7]} Nc6 {[%emt 0:0:48]} 11. Rc1 {[%emt 0:0:39]
} d6 {[%emt 0:2:40]} 12. Nfd5 {[%emt 0:2:10]} Qa5 {[%emt 0:0:0]} 13. Be2 {[%emt 0:1:5]} Be6 {[%emt 0:0:3]} 14. b3 {[%emt 0:0:18]} Rfe8 {[%emt 0:1:52]} 15. Nb5 {[%emt 0:0:42]} Qxd2+ {[%emt 0:0:51]} 16. Kxd2 {[%emt 0:0:2]
} Red8 {[%emt 0:0:8]} 17. Nbc7 {[%emt 0:4:27]} Rac8 {[%emt 0:0:0]} 18. Rhd1 {[%emt 0:1:1]} Kf8 {[%emt 0:1:44]} 19. Ke1 {[%emt 0:0:27]} a6 {[%emt 0:1:24]} 20. f4 {[%emt 0:0:55]} Bd7 {[%emt 0:0:37]} 21. Rd2 {[%emt 0:0:21]
} Nb8 {[%emt 0:0:20]} 22. Na8 {[%emt 0:0:28]} Be6 {[%emt 0:0:0]} 23. Nab6 {[%emt 0:0:16]} Rc6 {[%emt 0:0:40]} 24. Kf2 {[%emt 0:0:19]} a5 {[%emt 0:0:10]} 25. Bf3 {[%emt 0:0:17]} Na6 {[%emt 0:0:8]} 26. Na4 {[%emt 0:0:13]
} Nc5 {[%emt 0:1:26]} 27. Nac3 {[%emt 0:0:38]} Bxd5 {[%emt 0:0:0]} 28. Nxd5 {[%emt 0:0:7]} Rcc8 {[%emt 0:0:12]} 29. Nb6 {[%emt 0:0:12]
} Rc7 {[%emt 0:0:6]} 30. Rcd1 {[%emt 0:0:10]} Re8 {[%emt 0:0:2]} 31. Rxd6 {[%emt 0:0:7]} Rce7 {[%emt 0:0:5]} 32. Nd5 {[%emt 0:0:21]} Re6 {[%emt 0:0:0]} 33. Nc7 {[%emt 0:0:12]} Rxd6 {[%emt 0:0:2]} 34. Rxd6 {[%emt 0:0:1]
} Rc8 {[%emt 0:0:1]} 35. Nd5 {[%emt 0:0:11]} Bb2 {[%emt 0:0:23]} 36. Ke2 {[%emt 0:0:8]
} Re8 {[%emt 0:0:8]} 37. Rb6 {[%emt 0:0:5]} Bc1 {[%emt 0:0:0]} 38. Rb5 {[%emt 0:0:6]} Ba3 {[%emt 0:0:9]} 39. Rxa5 {[%emt 0:0:4]} 1-0

[Event "FIDE World Rapid-ch Open 2018"]
[White "Sargissian, Gabriel"]
[Black "Grischuk, Alexander"]
[Site "St. Petersburg"]
[Round "5.13"]
[Annotator "TA"]
[Result "1/2-1/2"]
[Date "2018.12.26"]
[WhiteElo "2689"]
[BlackElo "2771"]
[PlyCount "23"]

1. d4 {} Nf6 2. Nf3 g6 3. g3 c5 4. c4 Bg7 5. Bg2 cxd4 6. Nxd4 0-0 7. 0-0 d5 8. cxd5 Nxd5 9. Nb5 Be6 10. Nd4 Bc8 $146 11. Nb5 Be6 {D73:
Fianchetto Grünfeld: 5 Nf3} 12. Nd4 {LiveBook: 83 Games} 1/2-1/2

[Event "FIDE World Rapid-ch Open 2018"]
[White "Guseinov, Gadir"]
[Black "Shirov, Alexei"]
[Site "St. Petersburg"]
[Round "5.14"]
[Annotator "RC"]
[Result "1/2-1/2"]
[Date "2018.12.26"]
[WhiteElo "2664"]
[BlackElo "2643"]
[PlyCount "67"]
[TimeControl "900+10"]

1. e4 {[%emt 0:0:0]} e5 {[%emt 0:0:0]} 2. Nf3 {[%emt 0:0:10]} Nc6 {[%emt 0:0:10]
} 3. Bb5 {[%emt 0:0:10]} a6 {[%emt 0:0:10]} 4. Bxc6 {[%emt 0:0:0]} dxc6 {[%emt 0:0:1]} 5. 0-0 {[%emt 0:0:1]} f6 {[%emt 0:0:1]} 6. d4 {[%emt 0:0:1]} Bg4 {[%emt 0:0:2]} 7. c3 {[%emt 0:0:4]} Bd6 {[%emt 0:0:0]} 8. Nbd2 {[%emt 0:0:19]} Ne7 {[%emt 0:0:2]} 9. h3 {[%emt 0:0:15]} Bh5 {[%emt 0:0:53]
} 10. dxe5 {[%emt 0:0:10]} Bxe5 {[%emt 0:4:13]} 11. Nc4 {[%emt 0:4:17]
} Qxd1 {[%emt 0:0:9]} 12. Rxd1 {[%emt 0:0:2]} Bxf3 {[%emt 0:0:0]} 13. gxf3 {[%emt 0:0:1]} Ng6 {[%emt 0:0:21]} 14. Be3 {[%emt 0:0:26]} b6 {[%emt 0:2:38]} 15. Kf1 {[%emt 0:1:3]} Ke7 {[%emt 0:0:15]} 16. Rd2 {[%emt 0:2:29]
} Rad8 {[%emt 0:0:22]} 17. Nxe5 {[%emt 0:0:22]} Nxe5 {[%emt 0:0:0]} 18. Ke2 {[%emt 0:0:27]} Nc4 {[%emt 0:0:31]} 19. Rxd8 {[%emt 0:0:26]} Rxd8 {[%emt 0:0:3]} 20. Rg1 {[%emt 0:1:50]} g6 {[%emt 0:0:29]} 21. b3 {[%emt 0:1:17]
} Nd6 {[%emt 0:0:50]} 22. h4 {[%emt 0:0:21]} Ke6 {[%emt 0:0:0]} 23. Bf4 {[%emt 0:1:11]} f5 {[%emt 0:0:39]} 24. Bxd6 {[%emt 0:0:43]} cxd6 {[%emt 0:0:10]} 25. h5 {[%emt 0:0:1]} Kf6 {[%emt 0:0:11]} 26. hxg6 {[%emt 0:0:16]
} hxg6 {[%emt 0:0:2]} 27. Rh1 {[%emt 0:0:43]} d5 {[%emt 0:0:0]} 28. Rh7 {[%emt 0:0:51]} dxe4 {[%emt 0:2:28]} 29. fxe4 {[%emt 0:0:1]} Re8 {[%emt 0:0:1]} 30. Rb7 {[%emt 0:0:1]} Rxe4+ {[%emt 0:0:10]} 31. Kf1 {[%emt 0:0:2]
} b5 {[%emt 0:0:16]} 32. Rb6 {[%emt 0:0:1]} Re6 {[%emt 0:0:0]} 33. Rxa6 {[%emt 0:0:1]} g5 {[%emt 0:0:19]} 34. a4 {[%emt 0:0:10]} 1/2-1/2

[Event "FIDE World Rapid-ch Open 2018"]
[White "Vitiugov, Nikita"]
[Black "Jakovenko, Dmitry"]
[Site "St. Petersburg"]
[Round "5.15"]
[Annotator "RC"]
[Result "1-0"]
[Date "2018.12.26"]
[WhiteElo "2719"]
[BlackElo "2735"]
[PlyCount "127"]
[TimeControl "900+10"]

1. e4 {[%emt 0:0:0]} e5 {[%emt 0:0:0]} 2. Nf3 {[%emt 0:0:0]} Nc6 {[%emt 0:0:0]
} 3. Bc4 {[%emt 0:0:0]} Bc5 {[%emt 0:0:0]} 4. c3 {[%emt 0:0:0]} Nf6 {[%emt 0:0:0]} 5. d4 {[%emt 0:0:4]} exd4 {[%emt 0:0:1]} 6. e5 {[%emt 0:0:3]
} d5 {[%emt 0:0:6]} 7. Be2 {[%emt 0:0:5]} Ne4 {[%emt 0:0:5]
} 8. cxd4 {[%emt 0:0:2]} Bb4+ {[%emt 0:0:12]} 9. Bd2 {[%emt 0:0:15]} Nxd2 {[%emt 0:0:5]
} 10. Nbxd2 {[%emt 0:0:2]} 0-0 {[%emt 0:0:6]} 11. 0-0 {[%emt 0:0:3]
} Ba5 {[%emt 0:0:12]} 12. Bb5 {[%emt 0:1:16]} Ne7 {[%emt 0:0:0]} 13. Bd3 {[%emt 0:0:3]} Bf5 {[%emt 0:0:22]} 14. Nb3 {[%emt 0:0:32]} Bb6 {[%emt 0:0:4]} 15. Bxf5 {[%emt 0:0:14]} Nxf5 {[%emt 0:0:2]} 16. Qd3 {[%emt 0:0:6]
} Qd7 {[%emt 0:0:10]} 17. Rac1 {[%emt 0:0:11]} c6 {[%emt 0:0:0]} 18. Nc5 {[%emt 0:0:39]} Bxc5 {[%emt 0:0:2]} 19. Rxc5 {[%emt 0:0:2]} g6 {[%emt 0:0:55]} 20. Qd2 {[%emt 0:0:49]} Ng7 {[%emt 0:0:57]} 21. Rc3 {[%emt 0:0:29]
} Qe7 {[%emt 0:0:7]} 22. h3 {[%emt 0:1:14]} Ne6 {[%emt 0:0:0]} 23. Re1 {[%emt 0:0:40]} Rae8 {[%emt 0:0:16]} 24. Rce3 {[%emt 0:0:41]} c5 {[%emt 0:0:11]} 25. dxc5 {[%emt 0:0:12]} Qxc5 {[%emt 0:0:2]} 26. Rd3 {[%emt 0:0:55]
} Rd8 {[%emt 0:0:5]} 27. Qh6 {[%emt 0:1:7]} Rfe8 {[%emt 0:0:0]} 28. Nh2 {[%emt 0:0:29]} Qf8 {[%emt 0:0:18]} 29. Qd2 {[%emt 0:0:8]} d4 {[%emt 0:1:23]} 30. Ng4 {[%emt 0:0:13]} Kh8 {[%emt 0:0:15]} 31. Nf6 {[%emt 0:0:6]
} Re7 {[%emt 0:0:1]} 32. Re4 {[%emt 0:0:32]} g5 {[%emt 0:0:0]} 33. h4 {[%emt 0:1:14]} Qh6 {[%emt 0:3:6]} 34. Rg3 {[%emt 0:0:26]} d3 {[%emt 0:1:17]
} 35. hxg5 {[%emt 0:1:16]} Qg6 {[%emt 0:0:2]} 36. Rxd3 {[%emt 0:1:4]
} Rxd3 {[%emt 0:0:56]} 37. Qxd3 {[%emt 0:0:1]} Rc7 {[%emt 0:0:0]} 38. Qd2 {[%emt 0:0:59]} Rc8 {[%emt 0:0:18]} 39. Rh4 {[%emt 0:0:30]} Rd8 {[%emt 0:0:24]} 40. Qc1 {[%emt 0:0:24]} Nf8 {[%emt 0:0:1]} 41. Kh2 {[%emt 0:1:31]
} Kg7 {[%emt 0:0:23]} 42. Qc7 {[%emt 0:0:59]} Rd2 {[%emt 0:0:0]} 43. e6 {[%emt 0:0:55]} Nxe6 {[%emt 0:0:9]} 44. Qe5 {[%emt 0:0:28]} Kf8 {[%emt 0:1:27]} 45. Rh6 {[%emt 0:0:30]} Qc2 {[%emt 0:0:25]} 46. Rxh7 {[%emt 0:0:5]
} Rd8 {[%emt 0:0:10]} 47. Rh8+ {[%emt 0:0:9]} Ke7 {[%emt 0:0:0]} 48. Rxd8 {[%emt 0:0:8]} Kxd8 {[%emt 0:0:1]} 49. Qd6+ {[%emt 0:0:2]} Kc8 {[%emt 0:0:3]} 50. Qd7+ {[%emt 0:0:7]} Kb8 {[%emt 0:0:2]} 51. Qe8+ {[%emt 0:0:7]
} Qc8 {[%emt 0:0:2]} 52. Qxc8+ {[%emt 0:0:13]} Kxc8 {[%emt 0:0:0]} 53. Ne4 {[%emt 0:0:19]} Kd7 {[%emt 0:0:1]} 54. Kg3 {[%emt 0:0:8]} Kc6 {[%emt 0:0:1]} 55. f4 {[%emt 0:0:17]} Nd4 {[%emt 0:0:13]} 56. Kg4 {[%emt 0:0:3]
} Kd5 {[%emt 0:0:2]} 57. Nf6+ {[%emt 0:0:9]} Ke6 {[%emt 0:0:0]} 58. Nh5 {[%emt 0:0:6]} b5 {[%emt 0:0:16]} 59. Ng7+ {[%emt 0:0:2]} Kd5 {[%emt 0:0:1]} 60. Nf5 {[%emt 0:0:9]} Nc2 {[%emt 0:0:24]} 61. Nh6 {[%emt 0:0:8]
} Ke6 {[%emt 0:0:9]} 62. f5+ {[%emt 0:0:6]} Ke7 {[%emt 0:0:0]} 63. Kh5 {[%emt 0:0:22]} Ne3 {[%emt 0:0:7]} 64. g4 {[%emt 0:0:11]} 1-0

[Event "FIDE World Rapid-ch Open 2018"]
[White "Anand, Viswanathan"]
[Black "Sakaev, Konstantin"]
[Site "St. Petersburg"]
[Round "5.16"]
[Annotator "TA"]
[Result "1/2-1/2"]
[Date "2018.12.26"]
[WhiteElo "2773"]
[BlackElo "2584"]
[PlyCount "61"]

1. e4 {} c5 2. Nf3 d6 3. d4 cxd4 4. Nxd4 Nf6 5. Nc3 a6 6. h3 e5 7. Nf3 {B90:
Sicilian Najdorf: Unusual White 6th moves, 6 Be3 Ng4 and 6 Be3 e5} Be7 8. Bc4 Be6 (8... 0-0 9. 0-0 Nc6 10. Bg5 Be6 11. Bb3 Na5 12. Bxf6 Bxf6 13. Qd3 Nxb3 14. axb3 Rc8 15. Rfd1 Rc6 16. Nd5 Bg5 17. c4 f5 18. Nc3 {1/2-1/2 (41) Anand,V 
(2768)-Karjakin,S (2773) Saint Louis 2018} )9. Bb3 {LiveBook: 3 Games. The
position is equal.} Nbd7 10. Bg5 $146 ({Predecessor:} 10. 0-0 Nc5 11. Qe2 Nxb3 12. axb3 h6 13. Rd1 Qc8 14. Nd2 b5 {0-1 (37) Vandevoort,P (2409)-Kraemer,M 
(2456) Charleroi 2008} )0-0 11. 0-0 b5 12. Bxf6 Nxf6 13. Qd3 (13. a3 {
seems wilder.} Qc7 14. Qd3 Rab8 15. Rfe1 Qa7 16. Nd5 )Rc8 14. a3 Bxb3 15. cxb3 Qb6 16. Rfd1 Rc6 17. b4 Qb7 18. Nh2 Bd8 19. a4 bxa4 20. Rxa4 Bb6 21. Nf3 Rfc8 22. Rda1 ({White should play} 22. Kf1 )Rc4 $11 {} 23. Nd2 Rd4 24. Qxa6 Qxa6 25. Rxa6 Rxd2 26. Rxb6 h5 27. b5 $36 { White
has the initiative.} Rc4 28. Ra4 Rxa4 29. Nxa4 {Black must now prevent Rc6.} Rd4 30. Nc3 {Black should prevent Rb8+.} Nxe4 31. Nxe4 {Precision: White = 58%,
Black = 58%.} 1/2-1/2

[Event "FIDE World Rapid-ch Open 2018"]
[White "Sjugirov, Sanan"]
[Black "Sarana, Alexey"]
[Site "St. Petersburg"]
[Round "5.17"]
[Annotator "RC"]
[Result "1-0"]
[Date "2018.12.26"]
[WhiteElo "2663"]
[BlackElo "2618"]
[PlyCount "111"]
[TimeControl "900+10"]

1. d4 {[%emt 0:0:0]} Nf6 {[%emt 0:0:0]} 2. c4 {[%emt 0:0:0]} e6 {[%emt 0:0:0]} 3. Nc3 {[%emt 0:0:0]} Bb4 {[%emt 0:0:6]} 4. Qc2 {[%emt 0:0:0]} 0-0 {[%emt 0:0:9]} 5. a3 {[%emt 0:0:0]} Bxc3+ {[%emt 0:0:2]} 6. Qxc3 {[%emt 0:0:0]
} b6 {[%emt 0:0:1]} 7. Bg5 {[%emt 0:0:5]} Bb7 {[%emt 0:0:1]
} 8. e3 {[%emt 0:0:12]} d6 {[%emt 0:0:4]} 9. f3 {[%emt 0:0:2]} h6 {[%emt 0:0:40]
} 10. Bh4 {[%emt 0:0:2]} d5 {[%emt 0:0:46]} 11. cxd5 {[%emt 0:0:0]} exd5 {[%emt 0:0:52]} 12. Bd3 {[%emt 0:0:11]} Nbd7 {[%emt 0:0:1]} 13. Ne2 {[%emt 0:0:14]} c5 {[%emt 0:0:3]} 14. 0-0 {[%emt 0:0:19]} Qe7 {[%emt 0:0:36]
} 15. Bf2 {[%emt 0:0:26]} Rac8 {[%emt 0:0:2]} 16. Qd2 {[%emt 0:0:14]
} Rfe8 {[%emt 0:0:20]} 17. Rfe1 {[%emt 0:0:18]} Nf8 {[%emt 0:0:0]} 18. Ng3 {[%emt 0:0:14]} Bc6 {[%emt 0:1:22]} 19. Nf5 {[%emt 0:0:17]} Qd7 {[%emt 0:0:1]} 20. Bc2 {[%emt 0:0:35]} Ng6 {[%emt 0:0:19]} 21. dxc5 {[%emt 0:1:13]
} bxc5 {[%emt 0:0:4]} 22. b4 {[%emt 0:0:2]} cxb4 {[%emt 0:0:0]} 23. axb4 {[%emt 0:0:1]} Bb5 {[%emt 0:0:3]} 24. Nd4 {[%emt 0:0:14]} Qb7 {[%emt 0:0:26]} 25. Nxb5 {[%emt 0:0:6]} Qxb5 {[%emt 0:0:1]} 26. Ba4 {[%emt 0:0:1]
} Qb7 {[%emt 0:0:6]} 27. Bxe8 {[%emt 0:0:2]} Rxe8 {[%emt 0:0:0]} 28. Qd4 {[%emt 0:0:20]} a6 {[%emt 0:0:2]} 29. Rec1 {[%emt 0:2:1]} Ne5 {[%emt 0:0:19]} 30. Bg3 {[%emt 0:0:30]} Nc6 {[%emt 0:0:29]} 31. Qc5 {[%emt 0:0:5]
} Re6 {[%emt 0:0:28]} 32. Bd6 {[%emt 0:0:28]} Na7 {[%emt 0:0:0]} 33. Qc7 {[%emt 0:0:20]} Qxc7 {[%emt 0:0:17]} 34. Rxc7 {[%emt 0:0:22]} Nb5 {[%emt 0:0:2]} 35. Rc8+ {[%emt 0:0:1]} Kh7 {[%emt 0:0:1]} 36. Bc5 {[%emt 0:0:4]
} Nd7 {[%emt 0:0:16]} 37. Kf2 {[%emt 0:0:34]} Kg6 {[%emt 0:0:0]} 38. Rd8 {[%emt 0:0:11]} Nf6 {[%emt 0:0:17]} 39. Ra8 {[%emt 0:0:11]} Nc7 {[%emt 0:0:2]} 40. Ra7 {[%emt 0:0:4]} Rc6 {[%emt 0:0:1]} 41. Rb7 {[%emt 0:1:23]
} Nd7 {[%emt 0:0:27]} 42. Bd4 {[%emt 0:0:5]} f6 {[%emt 0:0:0]} 43. g4 {[%emt 0:0:6]} Nf8 {[%emt 0:0:13]} 44. f4 {[%emt 0:0:53]} Rc2+ {[%emt 0:0:15]} 45. Kg3 {[%emt 0:0:7]} f5 {[%emt 0:0:13]} 46. Rb6+ {[%emt 0:0:21]
} Nfe6 {[%emt 0:0:21]} 47. Raxa6 {[%emt 0:0:5]} Kf7 {[%emt 0:0:0]} 48. Ra7 {[%emt 0:0:26]} fxg4 {[%emt 0:0:28]} 49. Be5 {[%emt 0:0:16]} h5 {[%emt 0:0:13]} 50. f5 {[%emt 0:0:11]} g5 {[%emt 0:0:7]} 51. fxe6+ {[%emt 0:0:7]
} Kg6 {[%emt 0:0:1]} 52. Rxc7 {[%emt 0:0:32]} h4+ {[%emt 0:0:0]} 53. Kxg4 {[%emt 0:0:1]} Rg2+ {[%emt 0:0:3]} 54. Kf3 {[%emt 0:0:1]} h3 {[%emt 0:0:1]} 55. e7+ {[%emt 0:0:16]} Kh5 {[%emt 0:0:1]} 56. e8=Q+ 1-0

[Event "FIDE World Rapid-ch Open 2018"]
[White "Gelfand, Boris"]
[Black "Novikov, Stanislav"]
[Site "St. Petersburg"]
[Round "5.18"]
[Annotator "RC"]
[Result "1-0"]
[Date "2018.12.26"]
[WhiteElo "2673"]
[BlackElo "2540"]
[PlyCount "83"]
[TimeControl "900+10"]

1. d4 {[%emt 0:0:0]} g6 {[%emt 0:0:0]} 2. e4 {[%emt 0:0:2]} Bg7 {[%emt 0:0:0]} 3. Nf3 {[%emt 0:0:10]} c6 {[%emt 0:0:0]} 4. c4 {[%emt 0:0:53]} d6 {[%emt 0:0:6]
} 5. Be2 {[%emt 0:0:31]} Bg4 {[%emt 0:0:7]} 6. 0-0 {[%emt 0:0:0]} Qb6 {[%emt 0:0:18]} 7. Nbd2 {[%emt 0:0:51]} Nf6 {[%emt 0:1:44]} 8. Qc2 {[%emt 0:1:24]} Nfd7 {[%emt 0:0:16]} 9. Rd1 {[%emt 0:0:46]} 0-0 {[%emt 0:0:49]
} 10. h3 {[%emt 0:0:8]} Bxf3 {[%emt 0:0:3]} 11. Nxf3 {[%emt 0:0:1]
} c5 {[%emt 0:1:26]} 12. d5 {[%emt 0:0:6]} Na6 {[%emt 0:1:5]
} 13. Bf4 {[%emt 0:0:16]} Rab8 {[%emt 0:2:34]} 14. Rab1 {[%emt 0:1:15]} Nc7 {[%emt 0:0:9]} 15. a3 {[%emt 0:0:59]} a6 {[%emt 0:0:50]} 16. b4 {[%emt 0:0:0]} Qa7 {[%emt 0:0:8]} 17. Be3 {[%emt 0:0:58]} a5 {[%emt 0:3:8]} 18. bxc5 {[%emt 0:1:50]} Nxc5 {[%emt 0:0:1]} 19. Nd4 {[%emt 0:0:1]} Qa8 {[%emt 0:1:14]
} 20. f4 {[%emt 0:0:25]} N7a6 {[%emt 0:1:36]} 21. Nb5 {[%emt 0:0:0]} a4 {[%emt 0:0:19]} 22. Nd4 {[%emt 0:2:2]} Rbc8 {[%emt 0:0:48]} 23. Bg4 {[%emt 0:0:8]} Rcd8 {[%emt 0:0:7]} 24. Rb6 {[%emt 0:0:24]} h5 {[%emt 0:1:36]
} 25. Bf3 {[%emt 0:0:2]} Rc8 {[%emt 0:0:1]} 26. Rdb1 {[%emt 0:0:32]
} Rc7 {[%emt 0:0:24]} 27. Nb5 {[%emt 0:0:29]} Rcc8 {[%emt 0:0:0]} 28. Nc3 {[%emt 0:0:40]} Nb3 {[%emt 0:0:20]} 29. Nxa4 {[%emt 0:0:17]} Nd4 {[%emt 0:0:18]} 30. Qd3 {[%emt 0:0:20]} Nxf3+ {[%emt 0:0:15]} 31. gxf3 {[%emt 0:0:1]
} Rc7 {[%emt 0:0:3]} 32. f5 {[%emt 0:1:28]} Nb8 {[%emt 0:0:0]} 33. R6b4 {[%emt 0:0:4]} Nd7 {[%emt 0:0:4]} 34. Nb6 {[%emt 0:0:2]} Qd8 {[%emt 0:0:26]} 35. Nxd7 {[%emt 0:0:6]} Qxd7 {[%emt 0:0:1]} 36. Kh2 {[%emt 0:0:18]
} Kh7 {[%emt 0:0:3]} 37. Rg1 {[%emt 0:0:8]} gxf5 38. exf5 {[%emt 0:0:20]
} Bf6 {[%emt 0:0:33]} 39. c5 {[%emt 0:0:21]} dxc5 {[%emt 0:0:0]} 40. Rh4 {[%emt 0:0:4]} Bxh4 {[%emt 0:0:11]} 41. f6+ {[%emt 0:0:1]} Kh8 {[%emt 0:0:2]} 42. Rg7 {[%emt 0:0:0]} 1-0

[Event "FIDE World Rapid-ch Open 2018"]
[White "Alekseenko, Kirill"]
[Black "Anton Guijarro, David"]
[Site "St. Petersburg"]
[Round "5.19"]
[Annotator "RC"]
[Result "0-1"]
[Date "2018.12.26"]
[WhiteElo "2638"]
[BlackElo "2642"]
[PlyCount "106"]
[TimeControl "900+10"]

1. e4 {[%emt 0:0:0]} e5 {[%emt 0:0:0]} 2. Nf3 {[%emt 0:0:0]} Nc6 {[%emt 0:0:0]
} 3. Bb5 {[%emt 0:0:0]} a6 {[%emt 0:0:0]} 4. Ba4 {[%emt 0:0:0]} Nf6 {[%emt 0:0:2]} 5. 0-0 {[%emt 0:0:4]} Nxe4 {[%emt 0:0:4]} 6. d4 {[%emt 0:0:16]
} b5 {[%emt 0:0:4]} 7. Bb3 {[%emt 0:0:2]} d5 {[%emt 0:0:3]} 8. dxe5 {[%emt 0:0:3]} Be6 {[%emt 0:0:2]} 9. Be3 {[%emt 0:0:42]} Be7 {[%emt 0:0:18]
} 10. c3 {[%emt 0:0:4]} 0-0 {[%emt 0:0:31]} 11. Nbd2 {[%emt 0:0:0]} Nxd2 {[%emt 0:0:37]} 12. Qxd2 {[%emt 0:0:44]} Na5 {[%emt 0:0:7]} 13. Bc2 {[%emt 0:0:49]} Nc4 {[%emt 0:0:14]} 14. Qd3 {[%emt 0:0:10]} g6 {[%emt 0:0:3]
} 15. Bc1 {[%emt 0:1:26]} Qd7 {[%emt 0:4:20]} 16. Re1 {[%emt 0:0:0]} a5 {[%emt 0:0:48]} 17. Nd4 {[%emt 0:2:7]} a4 {[%emt 0:1:1]} 18. Qe2 {[%emt 0:1:54]} Bg4 {[%emt 0:3:19]} 19. f3 {[%emt 0:0:23]} Be6 {[%emt 0:0:0]} 20. Bd3 {[%emt 0:0:8]} c5 {[%emt 0:1:17]} 21. Nxe6 {[%emt 0:0:42]} fxe6 {[%emt 0:0:2]} 22. Rb1 {[%emt 0:0:59]} Rab8 {[%emt 0:0:47]} 23. g3 {[%emt 0:1:29]
} Na5 {[%emt 0:0:28]} 24. Kg2 {[%emt 0:0:10]} c4 {[%emt 0:0:0]} 25. Bc2 {[%emt 0:0:1]} b4 {[%emt 0:0:33]} 26. h4 {[%emt 0:0:43]} b3 {[%emt 0:0:17]
} 27. axb3 {[%emt 0:0:16]} axb3 {[%emt 0:0:2]} 28. Bd1 {[%emt 0:0:3]
} Nb7 {[%emt 0:0:59]} 29. Qf2 {[%emt 0:0:32]} Nc5 {[%emt 0:0:0]} 30. Be2 {[%emt 0:0:3]} Ra8 {[%emt 0:0:19]} 31. Be3 {[%emt 0:0:4]} Qc7 {[%emt 0:0:26]} 32. f4 {[%emt 0:1:32]} Ra2 {[%emt 0:0:38]} 33. Kh3 {[%emt 0:0:0]} Kh8 {[%emt 0:0:41]} 34. Bd4 {[%emt 0:0:21]} Ne4 {[%emt 0:0:17]} 35. Qe3 {[%emt 0:0:2]} Bc5 {[%emt 0:0:11]} 36. Bf3 {[%emt 0:0:22]} Bxd4 {[%emt 0:0:3]
} 37. cxd4 {[%emt 0:1:19]} Rd8 {[%emt 0:0:50]} 38. Rec1 {[%emt 0:0:35]
} Qc6 {[%emt 0:0:40]} 39. Bxe4 {[%emt 0:0:36]} dxe4 {[%emt 0:0:0]} 40. Qxb3 {[%emt 0:0:4]} Ra4 {[%emt 0:0:12]} 41. Qe3 {[%emt 0:0:17]} Qd5 {[%emt 0:0:3]} 42. Rd1 {[%emt 0:0:1]} Rb4 {[%emt 0:0:2]} 43. h5 {[%emt 0:0:47]
} Rb3 {[%emt 0:0:10]} 44. Qe2 {[%emt 0:0:0]} gxh5 {[%emt 0:0:0]} 45. Qxh5 {[%emt 0:0:32]} Rg8 {[%emt 0:0:2]} 46. Rg1 {[%emt 0:0:4]} e3 {[%emt 0:0:39]} 47. Ra1 {[%emt 0:0:26]} Rb7 {[%emt 0:0:24]} 48. Qh6 {[%emt 0:0:23]
} Rf7 {[%emt 0:0:19]} 49. Ra6 {[%emt 0:0:6]} Rg6 {[%emt 0:0:0]} 50. Qh4 {[%emt 0:0:27]} Kg7 {[%emt 0:0:1]} 51. Rd6 {[%emt 0:0:7]} Qf3 {[%emt 0:0:11]} 52. Rd8 {[%emt 0:0:5]} e2 {[%emt 0:0:14]} 53. Kh2 {[%emt 0:0:0]} Qf2+ {[%emt 0:0:7]} 0-1

[Event "FIDE World Rapid-ch Open 2018"]
[White "Akopian, Vladimir"]
[Black "Khanin, Semen"]
[Site "St. Petersburg"]
[Round "5.20"]
[Annotator "RC"]
[Result "1/2-1/2"]
[Date "2018.12.26"]
[WhiteElo "2650"]
[BlackElo "2514"]
[PlyCount "85"]
[TimeControl "900+10"]

1. Nf3 {[%emt 0:0:0]} Nf6 {[%emt 0:0:0]} 2. g3 {[%emt 0:0:2]} g6 {[%emt 0:0:0]
} 3. b3 {[%emt 0:0:35]} Bg7 {[%emt 0:0:0]} 4. Bb2 {[%emt 0:0:0]} 0-0 {[%emt 0:0:1]} 5. Bg2 {[%emt 0:0:4]} d6 {[%emt 0:0:3]} 6. c4 {[%emt 0:0:13]
} e5 {[%emt 0:0:7]} 7. 0-0 {[%emt 0:0:8]} Re8 {[%emt 0:0:11]
} 8. d3 {[%emt 0:0:11]} Nc6 {[%emt 0:0:24]} 9. Nbd2 {[%emt 0:0:15]} a5 {[%emt 0:0:34]
} 10. a3 {[%emt 0:0:8]} Bd7 {[%emt 0:1:34]} 11. e3 {[%emt 0:0:0]} Qc8 {[%emt 0:0:21]} 12. d4 {[%emt 0:0:26]} exd4 {[%emt 0:0:14]} 13. Nxd4 {[%emt 0:0:49]} Bh3 {[%emt 0:0:17]} 14. Nxc6 {[%emt 0:0:37]} Bxg2 {[%emt 0:0:8]
} 15. Kxg2 {[%emt 0:0:41]} bxc6 {[%emt 0:0:3]} 16. Qf3 {[%emt 0:0:8]
} Ne4 {[%emt 0:1:10]} 17. Nxe4 {[%emt 0:0:7]} Bxb2 {[%emt 0:0:0]} 18. Rab1 {[%emt 0:0:5]} Bg7 {[%emt 0:0:4]} 19. Ng5 {[%emt 0:1:34]} Qd7 {[%emt 0:0:8]} 20. b4 {[%emt 0:0:3]} axb4 {[%emt 0:0:13]} 21. axb4 {[%emt 0:0:1]
} h6 {[%emt 0:0:27]} 22. Nh3 {[%emt 0:0:18]} g5 {[%emt 0:0:50]
} 23. Ng1 {[%emt 0:0:18]} Ra2 {[%emt 0:0:46]} 24. h3 {[%emt 0:1:54]} Re5 {[%emt 0:1:59]
} 25. g4 {[%emt 0:0:43]} f5 {[%emt 0:1:22]} 26. Ne2 {[%emt 0:0:0]} fxg4 {[%emt 0:0:7]} 27. hxg4 {[%emt 0:0:2]} h5 {[%emt 0:0:3]} 28. Nd4 {[%emt 0:0:15]} hxg4 {[%emt 0:0:20]} 29. Qxc6 {[%emt 0:0:7]} Qxc6+ {[%emt 0:1:6]
} 30. Nxc6 {[%emt 0:0:2]} Rxe3 {[%emt 0:0:3]} 31. Rbe1 {[%emt 0:0:12]
} Rf3 {[%emt 0:0:57]} 32. Re8+ {[%emt 0:0:51]} Rf8 {[%emt 0:0:0]} 33. Rxf8+ {[%emt 0:0:26]} Kxf8 {[%emt 0:0:11]} 34. Re1 {[%emt 0:0:7]} Bf6 {[%emt 0:0:48]} 35. Re4 {[%emt 0:0:42]} Kf7 {[%emt 0:0:11]} 36. Rxg4 {[%emt 0:0:16]
} Kg6 {[%emt 0:1:2]} 37. Kg3 {[%emt 0:1:26]} Kf5 {[%emt 0:0:0]} 38. Nd4+ {[%emt 0:0:18]} Bxd4 {[%emt 0:0:27]} 39. Rxd4 {[%emt 0:0:1]} Rc2 {[%emt 0:0:18]} 40. b5 {[%emt 0:0:20]} Ke5 {[%emt 0:0:11]} 41. Rd5+ {[%emt 0:0:11]
} Kf6 {[%emt 0:0:23]} 42. Rd4 {[%emt 0:0:27]} Ke5 {[%emt 0:0:0]} 43. Rd5+ {[%emt 0:0:31]} 1/2-1/2

[Event "FIDE World Rapid-ch Open 2018"]
[White "Roiz, Michael"]
[Black "Motylev, Alexander"]
[Site "St. Petersburg"]
[Round "5.21"]
[Annotator "RC"]
[Result "1/2-1/2"]
[Date "2018.12.26"]
[WhiteElo "2605"]
[BlackElo "2644"]
[PlyCount "39"]
[TimeControl "900+10"]

1. Nf3 {[%emt 0:0:0]} d5 {[%emt 0:0:0]} 2. d4 {[%emt 0:0:0]} Nf6 {[%emt 0:0:0]
} 3. c4 {[%emt 0:0:0]} c6 {[%emt 0:0:0]} 4. Qb3 {[%emt 0:0:0]} a6 {[%emt 0:0:16]} 5. Bg5 {[%emt 0:1:28]} dxc4 {[%emt 0:0:41]} 6. Qxc4 {[%emt 0:0:1]} Ne4 {[%emt 0:1:27]} 7. Bf4 {[%emt 0:1:29]} Qa5+ {[%emt 0:0:0]} 8. Nbd2 {[%emt 0:0:56]} Nd7 {[%emt 0:1:9]} 9. Qc2 {[%emt 0:3:40]} Ndf6 {[%emt 0:0:59]} 10. e3 {[%emt 0:0:4]} Bg4 {[%emt 0:2:42]} 11. Bd3 {[%emt 0:0:0]} Bxf3 {[%emt 0:2:48]} 12. gxf3 {[%emt 0:0:1]} Nxd2 {[%emt 0:0:30]} 13. Qxd2 {[%emt 0:0:1]} Qxd2+ {[%emt 0:1:1]} 14. Kxd2 {[%emt 0:0:1]} e6 {[%emt 0:0:17]
} 15. Ke2 {[%emt 0:0:51]} Nh5 {[%emt 0:0:41]} 16. Be5 {[%emt 0:0:0]} Kd7 {[%emt 0:0:26]} 17. Rag1 {[%emt 0:1:55]} f6 {[%emt 0:0:23]} 18. Bg3 {[%emt 0:0:1]} Be7 {[%emt 0:0:10]} 19. h4 {[%emt 0:0:23]} g6 {[%emt 0:0:0]} 20. Bh2 {[%emt 0:0:15]} 1/2-1/2